Visualizzazione normale
Vista MARC
- Gaber Giorgio
di Personal Name
Records bibliografici associati: 1
001 - CONTROL NUMBER
- control field: 8962
003 - CONTROL NUMBER IDENTIFIER
- control field: IT-RoPau
005 - DATE AND TIME OF LATEST TRANSACTION
- control field: 20140113101105.0
008 - FIXED-LENGTH DATA ELEMENTS
- fixed length control field: 140113|| aca||aabn | a|a d
040 ## - CATALOGING SOURCE
- Original cataloging agency: IT-RoPau
- Transcribing agency: IT-RoPau
100 ## - HEADING--PERSONAL NAME
- Personal name: Gaber Giorgio
- Miscellaneous information: Codice autore SPICS: 10906
- Relator term: Autore
- Name of part/section of a work: Torpedo blu
670 ## - SOURCE DATA FOUND
- Source citation: Work cat.: (IT-RoPau)99998: AA.VV. 794, Intimità-Le 4 tastiere dell'organo di Dorsey Dodd